| Tag |
First Indicator |
Second Indicator |
Subfields |
| LEADER |
00000cam a2200000 4500 |
| 001 |
in00000037067 |
| 005 |
20151007070407.0 |
| 008 |
800529s1940 enka 00010 eng d |
| 035 |
|
|
|a (OCoLC)06371670
|
| 035 |
|
|
|9 AAE3930AM
|
| 040 |
|
|
|a TXA
|c TXA
|d UtOrBLW
|
| 049 |
|
|
|a TXAM
|c [108805]
|
| 090 |
|
|
|a QB145
|b .S6
|
| 092 |
|
|
|a 522.7
|b S636t, 1940
|
| 100 |
1 |
|
|a Smart, W. M.
|q (William Marshall),
|d 1889-1975.
|
| 245 |
1 |
0 |
|a Text-book on spherical astronomy /
|c by W. M. Smart ...
|
| 264 |
|
1 |
|a Cambridge [England] :
|b The University press,
|c 1940.
|
| 300 |
|
|
|a xi, 430 pages :
|b diagrams ;
|c 22 cm.
|
| 336 |
|
|
|a text
|b txt
|2 rdacontent
|
| 337 |
|
|
|a unmediated
|b n
|2 rdamedia
|
| 338 |
|
|
|a volume
|b nc
|2 rdacarrier
|
| 650 |
|
0 |
|a Spherical astronomy.
|
| 999 |
|
|
|a MARS
|
| 999 |
f |
f |
|s fbe25df2-9f6a-3610-9c12-0e16d8ff00ba
|i d7b8dd66-429e-3b23-98a8-6dadf77ee00b
|t 0
|
| 952 |
f |
f |
|p ric
|a Texas A&M University
|b Rellis Campus
|c Joint Library Facility
|d Remote Storage
|t 0
|e QB145 .S6
|h Library of Congress classification
|i unmediated -- volume
|m A14800899511
|
| 998 |
f |
f |
|a QB145 .S6
|t 0
|l Remote Storage
|